000
00385nam a2200145Ia 4500
008
100204s9999 xx 000 0 und d
082
_b
9976
100
_a
साठे माया
245
_a
बेरड
260
_b
"प्रिया प्रकाशन, मुंबई"
_c
1987
300
_a
199
630
_a
बेरड
730
_a
बेरड
942
_c
BOOK
999
_c
454412
_d
454409